[Event "2025 National K-12 Grade Championship"]
[Site "Spokane, WI USA, United States"]
[Date "2025.12.13"]
[Round "3.16"]
[White "Williams, Christopher J"]
[Black "Kaul, Krrish"]
[Result "1/2-1/2"]
[TimeControl "G/90; d10"]
[WhiteFideId "39908283"]
[BlackFideId "39924440"]
[WhiteElo "2049"]
[BlackElo "1946"]

1. e4 {[%clk 01:30:00]} {[%emt 00:00:02]} c5 {[%clk 01:30:00]} {[%emt
00:00:04]} 2. Nf3 {[%clk 01:29:42]} {[%emt 00:00:29]} e6 {[%clk 01:30:00]}
{[%emt 00:00:06]} 3. d4 {[%emt 00:00:08]} cxd4 {[%clk 01:30:00]} {[%emt
00:00:05]} 4. Nxd4 {[%clk 01:29:42]} {[%emt 00:00:05]} Nc6 {[%clk 01:30:00]}
{[%emt 00:00:06]} 5. Nc3 {[%clk 01:29:42]} {[%emt 00:00:06]} Qc7 {[%clk
01:30:00]} {[%emt 00:00:05]} 6. Be2 {[%clk 01:29:42]} {[%emt 00:00:09]} a6
{[%clk 01:29:51]} {[%emt 00:00:20]} 7. a3 {[%clk 01:29:42]} {[%emt 00:00:07]}
Nf6 {[%clk 01:29:38]} {[%emt 00:00:23]} 8. O-O {[%clk 01:29:42]} {[%emt
00:00:08]} Be7 {[%clk 01:29:32]} {[%emt 00:00:15]} 9. Be3 {[%clk 01:29:35]}
{[%emt 00:00:15]} O-O {[%clk 01:29:20]} {[%emt 00:00:23]} 10. Qd2 {[%clk
01:28:21]} {[%emt 00:01:25]} d6 {[%clk 01:28:22]} {[%emt 00:01:08]} 11. f4
{[%clk 01:27:45]} {[%emt 00:00:45]} Bd7 {[%clk 01:25:47]} {[%emt 00:02:46]} 12.
Rad1 {[%clk 01:24:39]} {[%emt 00:03:16]} Rac8 {[%clk 01:23:56]} {[%emt
00:02:00]} 13. h3 {[%clk 01:19:21]} {[%emt 00:05:28]} Rfe8 {[%clk 01:21:34]}
{[%emt 00:02:33]} 14. g4 {[%clk 01:18:10]} {[%emt 00:01:22]} Nxd4 {[%clk
01:09:11]} {[%emt 00:12:32]} 15. Bxd4 {[%clk 01:17:17]} {[%emt 00:01:02]} e5
{[%clk 01:08:26]} {[%emt 00:00:55]} 16. Bf2 {[%clk 01:12:52]} {[%emt 00:04:36]}
Bc6 {[%clk 01:04:23]} {[%emt 00:04:13]} 17. Bf3 {[%clk 01:10:16]} {[%emt
00:02:46]} exf4 {[%clk 00:58:46]} {[%emt 00:05:47]} 18. Qxf4 {[%clk 01:09:01]}
{[%emt 00:01:24]} Nd7 {[%clk 00:57:40]} {[%emt 00:01:16]} 19. Bd4 {[%clk
01:07:02]} {[%emt 00:02:10]} Ne5 {[%clk 00:55:12]} {[%emt 00:02:38]} 20. Bg2
{[%clk 01:04:26]} {[%emt 00:02:43]} h6 {[%clk 00:50:10]} {[%emt 00:05:14]} 21.
Qg3 {[%clk 00:57:14]} {[%emt 00:07:22]} Ng6 {[%clk 00:46:32]} {[%emt 00:03:49]}
22. Qf2 {[%clk 00:51:11]} {[%emt 00:06:09]} Bh4 {[%emt 00:01:56]} 23. Qf5
{[%clk 00:50:37]} {[%emt 00:00:17]} Ne5 {[%clk 00:35:01]} {[%emt 00:10:24]} 24.
Qf4 {[%clk 00:46:02]} {[%emt 00:04:44]} Bg5 {[%clk 00:25:18]} {[%emt 00:09:54]}
25. Qg3 {[%clk 00:44:41]} {[%emt 00:01:32]} Ng6 {[%clk 00:24:21]} {[%emt
00:01:07]} 26. Rf5 {[%clk 00:42:54]} {[%emt 00:01:57]} Nh4 {[%clk 00:22:02]}
{[%emt 00:02:28]} 27. Rf2 {[%clk 00:40:55]} {[%emt 00:02:10]} Ng6 {[%clk
00:20:39]} {[%emt 00:01:33]} 28. Qf3 {[%clk 00:40:24]} {[%emt 00:00:41]} Nh4
{[%clk 00:19:12]} {[%emt 00:01:36]} 29. Qd3 {[%clk 00:39:34]} {[%emt 00:01:00]}
Nxg2 {[%clk 00:15:47]} {[%emt 00:03:35]} 30. Kxg2 {[%clk 00:39:01]} {[%emt
00:00:43]} Qe7 {[%clk 00:13:46]} {[%emt 00:02:11]} 31. Re2 {[%clk 00:37:43]}
{[%emt 00:01:28]} Bf4 {[%clk 00:12:31]} {[%emt 00:01:24]} 32. Rf1 {[%clk
00:37:24]} {[%emt 00:00:29]} Be5 {[%clk 00:11:01]} {[%emt 00:01:40]} 33. Ref2
{[%clk 00:33:55]} {[%emt 00:03:39]} f6 {[%clk 00:09:37]} {[%emt 00:01:35]} 34.
Bxe5 {[%clk 00:33:13]} {[%emt 00:00:53]} Qxe5 {[%clk 00:09:37]} {[%emt
00:00:04]} 35. Re2 {[%clk 00:32:39]} {[%emt 00:00:45]} Rc7 {[%clk 00:06:57]}
{[%emt 00:02:50]} 36. Rf5 {[%clk 00:30:01]} {[%emt 00:02:47]} Qe6 {[%clk
00:06:31]} {[%emt 00:00:35]} 37. Kg1 {[%clk 00:28:47]} {[%emt 00:01:24]} Rce7
{[%clk 00:05:09]} {[%emt 00:01:32]} 38. Nd5 {[%clk 00:28:21]} {[%emt 00:00:37]}
Bxd5 {[%clk 00:04:33]} {[%emt 00:00:46]} 39. Rxd5 {[%clk 00:28:21]} {[%emt
00:00:07]} Rd7 {[%clk 00:04:25]} {[%emt 00:00:17]} 40. c4 {[%clk 00:28:00]}
{[%emt 00:00:32]} Rc8 {[%clk 00:03:57]} {[%emt 00:00:38]} 41. b4 {[%clk
00:27:16]} {[%emt 00:00:54]} Rdc7 {[%clk 00:03:57]} {[%emt 00:00:10]} 42. Rxd6
{[%clk 00:26:50]} {[%emt 00:00:36]} Qxc4 {[%clk 00:03:56]} {[%emt 00:00:11]} 43.
Qxc4+ {[%clk 00:25:28]} {[%emt 00:01:32]} Rxc4 {[%clk 00:03:56]} {[%emt
00:00:05]} 44. Rd7 {[%clk 00:18:55]} {[%emt 00:06:43]} R8c7 {[%clk 00:03:54]}
{[%emt 00:00:12]} 45. Rd8+ {[%clk 00:15:54]} {[%emt 00:03:12]} Kf7 {[%clk
00:03:54]} {[%emt 00:00:03]} 46. Kf2 {[%clk 00:13:49]} {[%emt 00:02:17]} Re7
{[%clk 00:03:38]} {[%emt 00:00:26]} 47. Kf3 {[%clk 00:13:48]} {[%emt 00:00:10]}
Rc3+ {[%clk 00:03:38]} {[%emt 00:00:05]} 48. Re3 {[%clk 00:13:48]} {[%emt
00:00:02]} Rc2 {[%clk 00:03:36]} {[%emt 00:00:12]} 49. h4 {[%clk 00:13:43]}
{[%emt 00:00:16]} Rh2 {[%clk 00:03:15]} {[%emt 00:00:29]} 50. Kg3 {[%clk
00:13:43]} {[%emt 00:00:07]} Rc2 {[%clk 00:03:11]} {[%emt 00:00:13]} 51. Kf3
{[%clk 00:12:59]} {[%emt 00:00:54]} Rh2 {[%clk 00:03:11]} {[%emt 00:00:06]} 52.
Kg3 {[%clk 00:12:54]} {[%emt 00:00:15]} Rc2 {[%clk 00:03:11]} {[%emt 00:00:02]}
53. h5 {[%clk 00:12:54]} {[%emt 00:00:05]} Rc4 {[%clk 00:03:11]} {[%emt
00:00:08]} 54. Kf3 {[%clk 00:12:54]} {[%emt 00:00:09]} Rc1 {[%clk 00:03:07]}
{[%emt 00:00:14]} 55. Rd5 {[%clk 00:11:38]} {[%emt 00:01:26]} Rf1+ {[%clk
00:03:07]} {[%emt 00:00:04]} 56. Kg3 {[%clk 00:11:38]} {[%emt 00:00:09]} Rg1+
{[%clk 00:03:07]} {[%emt 00:00:06]} 57. Kf3 {[%clk 00:11:36]} {[%emt 00:00:13]}
Rf1+ {[%clk 00:03:07]} {[%emt 00:00:04]} 1/2-1/2

[Event "2025 National K-12 Grade Championship"]
[Site "Spokane, WI USA, United States"]
[Date "2025.12.13"]
[Round "3.17"]
[White "Flavin, Finnegan"]
[Black "Anandh, Vijay Srinivas"]
[Result "1-0"]
[TimeControl "G/90; d10"]
[WhiteFideId "39901378"]
[BlackFideId "30975794"]
[WhiteElo "1871"]
[BlackElo "2248"]

1. e4 {[%clk 01:25:16]} {[%emt 00:04:54]} e5 {[%clk 01:30:00]} {[%emt
00:00:07]} 2. Nf3 {[%clk 01:25:16]} {[%emt 00:00:05]} Nc6 {[%clk 01:30:00]}
{[%emt 00:00:05]} 3. Bb5 {[%clk 01:25:16]} {[%emt 00:00:04]} a6 {[%clk
01:30:00]} {[%emt 00:00:07]} 4. Ba4 {[%clk 01:25:16]} {[%emt 00:00:03]} Nf6
{[%clk 01:30:00]} {[%emt 00:00:07]} 5. O-O {[%clk 01:25:16]} {[%emt 00:00:06]}
Be7 {[%clk 01:30:00]} {[%emt 00:00:04]} 6. Re1 {[%clk 01:25:16]} {[%emt
00:00:04]} b5 {[%clk 01:30:00]} {[%emt 00:00:05]} 7. Bb3 {[%clk 01:25:16]}
{[%emt 00:00:03]} d6 {[%clk 01:30:00]} {[%emt 00:00:11]} 8. c3 {[%clk
01:25:16]} {[%emt 00:00:05]} O-O {[%clk 01:30:00]} {[%emt 00:00:05]} 9. h3
{[%clk 01:25:16]} {[%emt 00:00:03]} Nb8 {[%clk 01:30:00]} {[%emt 00:00:09]} 10.
d4 {[%clk 01:25:16]} {[%emt 00:00:04]} Nbd7 {[%clk 01:30:00]} {[%emt 00:00:04]}
11. Nbd2 {[%clk 01:25:16]} {[%emt 00:00:04]} Bb7 {[%clk 01:29:41]} {[%emt
00:00:28]} 12. Bc2 {[%clk 01:24:40]} {[%emt 00:00:46]} Re8 {[%clk 01:29:18]}
{[%emt 00:00:32]} 13. Nf1 {[%clk 01:24:22]} {[%emt 00:00:29]} Bf8 {[%clk
01:28:52]} {[%emt 00:00:36]} 14. Ng3 {[%clk 01:24:20]} {[%emt 00:00:12]} g6
{[%clk 01:28:52]} {[%emt 00:00:10]} 15. Bd2 {[%clk 01:23:30]} {[%emt 00:01:01]}
Bg7 {[%clk 01:26:14]} {[%emt 00:02:48]} 16. Qc1 {[%clk 01:22:27]} {[%emt
00:01:13]} d5 {[%clk 01:21:13]} {[%emt 00:05:10]} 17. Bg5 {[%clk 01:21:30]}
{[%emt 00:01:08]} h6 {[%clk 01:17:02]} {[%emt 00:04:21]} 18. Bxh6 {[%clk
01:20:03]} {[%emt 00:01:36]} dxe4 {[%clk 01:13:25]} {[%emt 00:03:48]} 19. Nxe5
{[%clk 01:07:45]} {[%emt 00:12:28]} Nxe5 {[%clk 01:10:21]} {[%emt 00:03:14]} 20.
dxe5 {[%clk 01:06:01]} {[%emt 00:01:54]} Rxe5 {[%clk 01:07:59]} {[%emt
00:02:31]} 21. f3 {[%clk 00:56:43]} {[%emt 00:09:28]} Qe7 {[%clk 00:41:16]}
{[%emt 00:26:53]} 22. Nxe4 {[%clk 00:50:12]} {[%emt 00:06:42]} Nxe4 {[%clk
00:33:56]} {[%emt 00:07:30]} 23. fxe4 {[%clk 00:48:57]} {[%emt 00:01:25]} Re8
{[%clk 00:30:35]} {[%emt 00:03:30]} 24. Bf4 {[%clk 00:45:43]} {[%emt 00:03:24]}
Re6 {[%clk 00:29:18]} {[%emt 00:01:26]} 25. Qd2 {[%clk 00:44:27]} {[%emt
00:01:27]} c5 {[%clk 00:25:17]} {[%emt 00:04:11]} 26. Rad1 {[%clk 00:43:07]}
{[%emt 00:01:30]} Bxe4 {[%clk 00:20:36]} {[%emt 00:04:51]} 27. Bd6 {[%clk
00:35:55]} {[%emt 00:07:22]} Qa7 {[%clk 00:17:35]} {[%emt 00:03:10]} 28. Bxe4
{[%clk 00:35:28]} {[%emt 00:00:39]} c4+ {[%clk 00:15:57]} {[%emt 00:01:47]} 29.
Qf2 {[%clk 00:35:11]} {[%emt 00:00:28]} Qxf2+ {[%clk 00:15:57]} {[%emt
00:00:06]} 30. Kxf2 {[%clk 00:35:11]} {[%emt 00:00:06]} Rxe4 {[%clk 00:15:57]}
{[%emt 00:00:02]} 31. Rxe4 {[%clk 00:35:04]} {[%emt 00:00:16]} Rxe4 {[%clk
00:15:57]} {[%emt 00:00:02]} 32. a4 {[%clk 00:31:31]} {[%emt 00:03:44]} bxa4
{[%clk 00:13:05]} {[%emt 00:03:03]} 33. Ra1 {[%clk 00:31:17]} {[%emt 00:00:23]}
Re6 {[%clk 00:12:51]} {[%emt 00:00:24]} 34. Bg3 {[%clk 00:30:05]} {[%emt
00:01:21]} Rb6 {[%clk 00:12:33]} {[%emt 00:00:28]} 35. Rxa4 {[%clk 00:29:29]}
{[%emt 00:00:46]} Rxb2+ {[%clk 00:12:33]} {[%emt 00:00:05]} 36. Kf1 {[%clk
00:27:01]} {[%emt 00:02:39]} Rb1+ {[%clk 00:12:16]} {[%emt 00:00:24]} 37. Ke2
{[%clk 00:26:42]} {[%emt 00:00:32]} Rb2+ {[%clk 00:11:16]} {[%emt 00:01:10]} 38.
Kf1 {[%clk 00:26:42]} {[%emt 00:00:04]} Rb1+ {[%clk 00:08:23]} {[%emt
00:03:01]} 39. Ke2 {[%clk 00:26:42]} {[%emt 00:00:06]} Rc1 {[%clk 00:08:05]}
{[%emt 00:00:25]} 40. Rxa6 {[%clk 00:25:27]} {[%emt 00:01:27]} Rxc3 {[%clk
00:07:35]} {[%emt 00:00:40]} 41. Be1 {[%clk 00:24:54]} {[%emt 00:00:43]} Rc2+
{[%clk 00:07:32]} {[%emt 00:00:13]} 42. Kf3 {[%clk 00:24:54]} {[%emt 00:00:08]}
Bc3 {[%clk 00:06:54]} {[%emt 00:00:48]} 43. Bg3 {[%clk 00:24:25]} {[%emt
00:00:39]} Kg7 {[%clk 00:06:40]} {[%emt 00:00:23]} 44. Rc6 {[%clk 00:23:59]}
{[%emt 00:00:38]} Bf6 {[%clk 00:05:59]} {[%emt 00:00:50]} 45. Be1 {[%clk
00:23:15]} {[%emt 00:00:53]} Rc1 {[%clk 00:05:22]} {[%emt 00:00:46]} 46. Ke2
{[%clk 00:23:06]} {[%emt 00:00:20]} Rc2+ {[%clk 00:05:01]} {[%emt 00:00:31]} 47.
Kf3 {[%clk 00:23:06]} {[%emt 00:00:09]} Rc1 {[%clk 00:04:30]} {[%emt 00:00:39]}
48. Ke2 {[%clk 00:23:06]} {[%emt 00:00:10]} Bc3 {[%clk 00:04:30]} {[%emt
00:00:08]} 49. Bg3 {[%clk 00:22:08]} {[%emt 00:01:08]} Rc2+ {[%clk 00:04:27]}
{[%emt 00:00:14]} 50. Kf3 {[%clk 00:22:00]} {[%emt 00:00:19]} Bd4 {[%clk
00:04:27]} {[%emt 00:00:05]} 51. Be1 {[%clk 00:21:46]} {[%emt 00:00:27]} Kf8
{[%clk 00:04:22]} {[%emt 00:00:13]} 52. g4 {[%clk 00:18:15]} {[%emt 00:03:44]}
Rc1 {[%clk 00:03:15]} {[%emt 00:01:13]} 53. Ke2 {[%clk 00:17:45]} {[%emt
00:00:44]} Bc3 {[%clk 00:02:59]} {[%emt 00:00:25]} 54. Bf2 {[%clk 00:17:03]}
{[%emt 00:00:44]} Bb4 {[%clk 00:02:30]} {[%emt 00:00:45]} 55. h4 {[%clk
00:15:52]} {[%emt 00:01:24]} Rc2+ {[%clk 00:01:34]} {[%emt 00:01:08]} 56. Kf3
{[%clk 00:15:15]} {[%emt 00:00:45]} c3 {[%clk 00:01:28]} {[%emt 00:00:16]} 57.
Bd4 {[%clk 00:14:31]} {[%emt 00:00:53]} Rd2 {[%clk 00:00:23]} {[%emt 00:01:12]}
58. Bf6 {[%clk 00:14:24]} {[%emt 00:00:20]} Ke8 {[%clk 00:00:23]} {[%emt
00:00:04]} 59. h5 {[%clk 00:13:13]} {[%emt 00:01:21]} gxh5 {[%clk 00:00:23]}
{[%emt 00:00:07]} 60. gxh5 {[%clk 00:13:13]} {[%emt 00:00:05]} c2 {[%clk
00:00:17]} {[%emt 00:00:16]} 61. h6 {[%clk 00:12:05]} {[%emt 00:01:17]} Rd3+
{[%clk 00:00:01]} {[%emt 00:00:26]} 62. Kg4 {[%clk 00:11:41]} {[%emt 00:00:32]}
Bc3 {[%clk 00:00:01]} {[%emt 00:00:03]} 63. Bg5 {[%clk 00:11:08]} {[%emt
00:00:43]} 1-0

[Event "2025 National K-12 Grade Championship"]
[Site "Spokane, WI USA, United States"]
[Date "2025.12.13"]
[Round "3.18"]
[White "Jammalamadaka, Vihaan"]
[Black "Chitta, Adithya"]
[Result "1-0"]
[TimeControl "G/90; d10"]
[WhiteTitle "CM"]
[WhiteFideId "30977134"]
[BlackFideId "30985234"]
[WhiteElo "2191"]
[BlackElo "1789"]

1. d4 {[%clk 01:29:39]} {[%emt 00:00:30]} d5 {[%clk 01:29:31]} {[%emt
00:00:40]} 2. c4 {[%clk 01:29:05]} {[%emt 00:00:43]} e6 {[%clk 01:29:31]}
{[%emt 00:00:06]} 3. Nc3 {[%clk 01:28:47]} {[%emt 00:00:29]} Nf6 {[%clk
01:29:31]} {[%emt 00:00:06]} 4. cxd5 {[%clk 01:28:35]} {[%emt 00:00:22]} exd5
{[%clk 01:29:31]} {[%emt 00:00:06]} 5. Bg5 {[%emt 00:00:10]} Be7 {[%clk
01:29:31]} {[%emt 00:00:04]} 6. e3 {[%clk 01:28:21]} {[%emt 00:00:23]} h6
{[%clk 01:29:31]} {[%emt 00:00:11]} 7. Bh4 {[%clk 01:27:51]} {[%emt 00:00:39]}
Bg4 {[%clk 01:29:29]} {[%emt 00:00:11]} 8. Qb3 {[%clk 01:24:15]} {[%emt
00:03:47]} Nbd7 {[%clk 01:29:21]} {[%emt 00:00:19]} 9. h3 {[%clk 01:13:14]}
{[%emt 00:11:10]} Be6 {[%clk 01:25:47]} {[%emt 00:03:45]} 10. Qc2 {[%clk
01:06:03]} {[%emt 00:07:21]} O-O {[%clk 01:22:59]} {[%emt 00:02:58]} 11. Bd3
{[%clk 01:04:42]} {[%emt 00:01:32]} c5 {[%clk 01:21:35]} {[%emt 00:01:34]} 12.
Nge2 {[%clk 00:59:02]} {[%emt 00:05:48]} Re8 {[%clk 01:08:50]} {[%emt
00:12:55]} 13. dxc5 {[%clk 00:45:29]} {[%emt 00:13:43]} Bxc5 {[%clk 01:04:31]}
{[%emt 00:04:29]} 14. O-O {[%clk 00:42:42]} {[%emt 00:02:58]} Ne5 {[%clk
00:56:12]} {[%emt 00:08:30]} 15. Rad1 {[%clk 00:39:09]} {[%emt 00:03:42]} Rc8
{[%clk 00:37:36]} {[%emt 00:18:46]} 16. Nf4 {[%clk 00:32:25]} {[%emt 00:06:54]}
g5 {[%clk 00:36:08]} {[%emt 00:01:38]} 17. Nxe6 {[%clk 00:31:16]} {[%emt
00:01:19]} fxe6 {[%clk 00:34:04]} {[%emt 00:02:14]} 18. Bg3 {[%clk 00:31:13]}
{[%emt 00:00:14]} Nf7 {[%clk 00:30:31]} {[%emt 00:03:43]} 19. Bb5 {[%clk
00:30:34]} {[%emt 00:00:49]} Rf8 {[%clk 00:27:26]} {[%emt 00:03:15]} 20. Qg6+
{[%clk 00:29:43]} {[%emt 00:01:01]} Kh8 {[%clk 00:27:26]} {[%emt 00:00:07]} 21.
e4 {[%clk 00:25:25]} {[%emt 00:04:29]} Qe7 {[%clk 00:19:45]} {[%emt 00:07:49]}
22. exd5 {[%clk 00:21:22]} {[%emt 00:04:16]} Rg8 {[%clk 00:16:28]} {[%emt
00:03:27]} 23. Qd3 {[%clk 00:19:38]} {[%emt 00:01:54]} Rcd8 {[%clk 00:14:14]}
{[%emt 00:02:24]} 24. Rfe1 {[%clk 00:18:34]} {[%emt 00:01:14]} e5 {[%clk
00:13:03]} {[%emt 00:01:20]} 25. Qf5 {[%clk 00:14:02]} {[%emt 00:04:43]} Bd6
{[%clk 00:10:47]} {[%emt 00:02:25]} 26. Bd3 {[%clk 00:12:15]} {[%emt 00:01:57]}
Bb8 {[%clk 00:08:48]} {[%emt 00:02:09]} 27. Bb1 {[%clk 00:10:00]} {[%emt
00:02:25]} Rge8 {[%clk 00:07:02]} {[%emt 00:01:56]} 28. h4 {[%clk 00:07:56]}
{[%emt 00:02:15]} g4 {[%clk 00:05:42]} {[%emt 00:01:29]} 29. Ne4 {[%clk
00:06:48]} {[%emt 00:01:18]} Nxe4 {[%clk 00:04:09]} {[%emt 00:01:43]} 30. Qxe4
{[%clk 00:06:21]} {[%emt 00:00:37]} Nd6 {[%clk 00:03:02]} {[%emt 00:01:17]} 31.
Bxe5+ {[%clk 00:05:10]} {[%emt 00:01:20]} Kg8 {[%clk 00:02:47]} {[%emt
00:00:25]} 32. Qg6+ {[%clk 00:04:58]} {[%emt 00:00:22]} Kf8 {[%clk 00:02:24]}
{[%emt 00:00:33]} 33. Qxh6+ {[%emt 00:00:30]} 1-0

[Event "2025 National K-12 Grade Championship"]
[Site "Spokane, WI USA, United States"]
[Date "2025.12.13"]
[Round "3.19"]
[White "Bharathy Mohan, Aarav"]
[Black "Guo, Ethan"]
[Result "0-1"]
[TimeControl "G/90; d10"]
[BlackTitle "FM"]
[WhiteFideId "39909824"]
[BlackFideId "30976359"]
[WhiteElo "1874"]
[BlackElo "2367"]

1. d4 {[%clk 01:30:00]} {[%emt 00:00:04]} Nf6 {[%clk 01:30:00]} {[%emt
00:00:04]} 2. c4 {[%clk 01:30:00]} {[%emt 00:00:09]} e6 {[%clk 01:30:00]}
{[%emt 00:00:03]} 3. Nf3 {[%clk 01:30:00]} {[%emt 00:00:09]} b6 {[%clk
01:29:27]} {[%emt 00:00:45]} 4. g3 {[%clk 01:29:54]} {[%emt 00:00:16]} Bb7
{[%clk 01:29:04]} {[%emt 00:00:32]} 5. Bg2 {[%clk 01:29:49]} {[%emt 00:00:15]}
Be7 {[%clk 01:28:38]} {[%emt 00:00:37]} 6. O-O {[%clk 01:29:48]} {[%emt
00:00:11]} O-O {[%clk 01:28:38]} {[%emt 00:00:10]} 7. Nc3 {[%clk 01:29:48]}
{[%emt 00:00:04]} Ne4 {[%clk 01:27:20]} {[%emt 00:01:29]} 8. Qc2 {[%clk
01:28:52]} {[%emt 00:01:05]} Nxc3 {[%clk 01:26:24]} {[%emt 00:01:05]} 9. Qxc3
{[%clk 01:28:50]} {[%emt 00:00:12]} Be4 {[%clk 01:23:33]} {[%emt 00:03:02]} 10.
Bf4 {[%clk 01:27:23]} {[%emt 00:01:36]} d6 {[%clk 01:17:53]} {[%emt 00:05:50]}
11. b4 {[%clk 01:26:18]} {[%emt 00:01:14]} Nd7 {[%clk 01:17:02]} {[%emt
00:01:01]} 12. Rfd1 {[%clk 01:25:06]} {[%emt 00:01:22]} f5 {[%clk 01:15:26]}
{[%emt 00:01:47]} 13. c5 {[%clk 01:19:52]} {[%emt 00:05:23]} Nf6 {[%clk
01:09:14]} {[%emt 00:06:22]} 14. Qc1 {[%clk 01:14:46]} {[%emt 00:05:17]} Nd5
{[%clk 01:06:27]} {[%emt 00:02:56]} 15. a3 {[%clk 01:10:48]} {[%emt 00:04:09]}
h6 {[%clk 00:57:16]} {[%emt 00:09:21]} 16. h4 {[%clk 01:08:59]} {[%emt
00:01:59]} Bf6 {[%clk 00:55:54]} {[%emt 00:01:33]} 17. Ne1 {[%clk 01:06:19]}
{[%emt 00:02:49]} bxc5 {[%clk 00:46:46]} {[%emt 00:09:18]} 18. bxc5 {[%clk
01:04:53]} {[%emt 00:01:36]} dxc5 {[%clk 00:44:59]} {[%emt 00:01:58]} 19. Bxe4
{[%clk 01:03:53]} {[%emt 00:01:09]} fxe4 {[%clk 00:44:52]} {[%emt 00:00:18]} 20.
Be5 {[%clk 01:03:17]} {[%emt 00:00:42]} cxd4 {[%clk 00:43:49]} {[%emt
00:01:17]} 21. Bxf6 {[%clk 00:58:14]} {[%emt 00:05:12]} Qxf6 {[%clk 00:43:17]}
{[%emt 00:00:42]} 22. f3 {[%clk 00:57:44]} {[%emt 00:00:41]} Nc3 {[%clk
00:41:55]} {[%emt 00:01:31]} 23. Rd2 {[%clk 00:57:28]} {[%emt 00:00:25]} exf3
{[%clk 00:36:32]} {[%emt 00:05:34]} 24. exf3 {[%clk 00:56:11]} {[%emt
00:01:27]} c5 {[%clk 00:34:41]} {[%emt 00:02:02]} 25. Kg2 {[%clk 00:54:57]}
{[%emt 00:01:23]} e5 {[%clk 00:34:35]} {[%emt 00:00:17]} 26. Qc2 {[%clk
00:53:33]} {[%emt 00:01:32]} Rae8 {[%clk 00:34:07]} {[%emt 00:00:40]} 27. Rf2
{[%clk 00:51:43]} {[%emt 00:01:59]} Kh8 {[%clk 00:33:04]} {[%emt 00:01:14]} 28.
a4 {[%clk 00:51:02]} {[%emt 00:00:51]} c4 {[%clk 00:33:04]} {[%emt 00:00:05]}
29. Ra3 {[%clk 00:50:14]} {[%emt 00:00:57]} Qd6 {[%clk 00:31:08]} {[%emt
00:02:05]} 30. Ra1 {[%clk 00:49:20]} {[%emt 00:01:04]} Qc6 {[%clk 00:29:07]}
{[%emt 00:02:12]} 31. Rc1 {[%clk 00:48:38]} {[%emt 00:00:51]} Nd5 {[%clk
00:29:01]} {[%emt 00:00:17]} 32. Kg1 {[%clk 00:48:09]} {[%emt 00:00:31]} Ne3
{[%clk 00:29:01]} {[%emt 00:00:14]} 33. Qa2 {[%clk 00:46:30]} {[%emt 00:01:45]}
Qg6 {[%clk 00:28:42]} {[%emt 00:00:32]} 34. Kh2 {[%clk 00:46:14]} {[%emt
00:00:23]} e4 {[%clk 00:27:43]} {[%emt 00:01:13]} 35. Kh3 {[%clk 00:46:05]}
{[%emt 00:00:17]} exf3 {[%clk 00:27:26]} {[%emt 00:00:27]} 0-1